000 00358 a2200157 4500
001 64135
020 _a9788574065618 (broch)
040 _cAnchieta - Pituba
100 _aShay, Noemie
240 1 0 _aÉ proibido falar disso!
_lpor
245 1 0 _aÉ proibido falar disso!
300 _a79p.
362 0 _a2013
650 4 _aLiteratura juvenil
942 _cBK
999 _c64135
_d64135